A history of medieval philosophy

In this classic work, Frederick C. Copleston, S.J., outlines the development of philosophical reflection in Christian, Islamic, and Jewish thought from the ancient world to the late medieval period. A History of Medieval Philosophy is an invaluable general introduction that also includes longer trea...

全面介紹

Đã lưu trong:
書目詳細資料
主要作者: Copleston, F. C.
格式: 圖書
語言:Undetermined
出版: London Methuen 1972
主題:
標簽: 添加標簽
沒有標簽, 成為第一個標記此記錄!
Thư viện lưu trữ: Trung tâm Học liệu Trường Đại học Cần Thơ
LEADER 00886nam a2200193Ia 4500
001 CTU_219207
008 210402s9999 xx 000 0 und d
082 |a 189 
082 |b C784 
100 |a Copleston, F. C. 
245 2 |a A history of medieval philosophy 
245 0 |c F. C. Copleston 
260 |a London 
260 |b Methuen 
260 |c 1972 
520 |a In this classic work, Frederick C. Copleston, S.J., outlines the development of philosophical reflection in Christian, Islamic, and Jewish thought from the ancient world to the late medieval period. A History of Medieval Philosophy is an invaluable general introduction that also includes longer treatments of such leading thinkers as Aquinas, Scotus, and Ockham. 
650 |a Philosophy, Medieval,Triết học, thời trung cổ 
904 |i Qhieu 
980 |a Trung tâm Học liệu Trường Đại học Cần Thơ